01056 2200325 4500001002100000005001500021035002000036007000300056008004100059020002200100040002200122082001500144084001700159090002200176090002200198100003500220245012900255250003500384300004900419650002800468700002900496850001200525504003400537264004100571336002100612337003000633338002300663999002200686990002200708INLIS00000000085497020200311094954 a0010-0320000297ta200311s2020 yoia g ind d a978-623-236-054-9 aYOPDYOGbinderda04223a320.53 a320.53 SIA a aDEP 320.53 SIA a aCB-D.11 2020-00491 aSiagian, B.D.Od1970-epenulis10aAncaman nyata radikalisme melalui dunia maya terhadap keamanan nasional Indonesia /cB.D.O Siagian; penyunting, Khoirul Anam aCetakan pertama, Februari 2020 axx, 206 halaman :bilustrasi, tabel ;c23 cm 4aRadikal dan radikalisme0 aKhoirul Anamepenyunting aYOPDYOG aBibliografi halaman : 197-20431aYogyakarta :bPustaka pelajar,c2020 2rdacontentateks 2rdamediaatanpa perantara 2rdacarrieravolume aCB-D.11/2020-0049 aCB-D.11/2020-0049